Об опыте цикловой подготовки инженеров-организаторов производства из числа студентов в Томском политехническом институте; Известия Томского политехнического института [Известия ТПИ]; Т. 299 : Организация и управление
| Parent link: | Известия Томского политехнического института [Известия ТПИ]/ Томский политехнический институт (ТПИ).— , 1944-1976 Т. 299 : Организация и управление.— 1976.— [С. 21-24] |
|---|---|
| 主要作者: | |
| 其他作者: | |
| 總結: | Заглавие с титульного листа Электронная версия печатной публикации |
| 語言: | 俄语 |
| 出版: |
1976
|
| 主題: | |
| 在線閱讀: | Черно-белая версия для предварительного просмотра Цветная версия без потери качества |
| 格式: | MixedMaterials 電子 Book Chapter |
| KOHA link: | https://koha.lib.tpu.ru/cgi-bin/koha/opac-detail.pl?biblionumber=240578 |
MARC
| LEADER | 00000nla2a2200000 4500 | ||
|---|---|---|---|
| 001 | 240578 | ||
| 005 | 20231031205723.0 | ||
| 035 | |a (RuTPU)RU\TPU\book\261835 | ||
| 035 | |a RU\TPU\book\261834 | ||
| 090 | |a 240578 | ||
| 100 | |a 20130622d1976 k y0rusy50 ca | ||
| 101 | 0 | |a rus | |
| 102 | |a RU | ||
| 135 | |a drnn ---uucaa | ||
| 181 | 0 | |a i | |
| 182 | 0 | |a b | |
| 200 | 1 | |a Об опыте цикловой подготовки инженеров-организаторов производства из числа студентов в Томском политехническом институте |b Электронный ресурс |f Г. В. Симонов, Г. Г. Константинов | |
| 203 | |a Текст |c электронный | ||
| 215 | |a 2 файла (331 Кб, 9.3 Мб) | ||
| 230 | |a Электронные текстовые данные (2 файла : 331 Кб, 9.3 Мб) | ||
| 300 | |a Заглавие с титульного листа | ||
| 300 | |a Электронная версия печатной публикации | ||
| 337 | |a Adobe Reader | ||
| 461 | 1 | |0 (RuTPU)RU\TPU\book\200995 |t Известия Томского политехнического института [Известия ТПИ] |f Томский политехнический институт (ТПИ) |d 1944-1976 | |
| 463 | 1 | |0 (RuTPU)RU\TPU\book\261830 |t Т. 299 : Организация и управление |v [С. 21-24] |d 1976 |p 68 с. | |
| 610 | 1 | |a электронный ресурс | |
| 610 | 1 | |a труды учёных ТПУ | |
| 700 | 1 | |a Симонов |b Г. В. | |
| 701 | 1 | |a Константинов |b Г. Г. | |
| 801 | 1 | |a RU |b 63413507 |c 20090320 |g PSBO | |
| 801 | 2 | |a RU |b 63413507 |c 20130626 |g PSBO | |
| 856 | 4 | |u http://www.lib.tpu.ru/fulltext/v/Bulletin_TPU/1976/v299/05_bw.pdf |z Черно-белая версия для предварительного просмотра | |
| 856 | 4 | |u http://www.lib.tpu.ru/fulltext/v/Bulletin_TPU/1976/v299/05_full.pdf |z Цветная версия без потери качества | |
| 942 | |c CF | ||